000 01680 a2200301 4500
001 5150530
003 UA-OsUOA
005 20260318092340.0
008 200414b pl o|||| |||| 00| | pol d
020 _a9788323781905
040 _aUA-OsUOA
_bpol
_cUA-OsUOA
_dUA-OsUOA
041 _apol
080 _a821.162.1(73)
090 _a821.162.1(73)
_bB24
100 _a Barsocchini P.
_924504
245 _aHigh school musical
_cPeter Barsocchini ; Adaptacja N. B. Grace ; Tłumsczła Małgorzata Fabianowska
250 _aWydanie III
260 _aWarszawa
_bEgmont
_c2008
300 _a134 s.
490 _aHigh School Musical
520 _aW East High School każdy ma swoją paczkę i każdy jest zaszufladkowany. Artyści nie chcą rozmawiać z koszykarzami, a skejci - z kujonami z koła naukowego. Na korytarzach powiało grozą, gdy wydało się, że Troy Bolton, gwiazda koszykówki, ubiega się o rolę w szkolnym musicalu! W dodatku śpiewając w duecie z Gabrielą - Einsteinem w spódnicy - która także uległa artystycznej zarazie. Zbliża się mecz o mistrzostwo i turniej naukowy, a bez Troya i Gabrieli drużyny nie mają szans! Przyjaciele łamią głowy, jak odciągnąć oboje od głupiego śpiewania. Czy Troy i Gabriella wbrew wszystkim uwierzą w swoje marzenia? Czy uda im się pogodzić swoje pasje?
650 _2UDC
_a821 Художня література окремими мовами і мовними сім'ями
_917
700 1 _aGrace N. B.
_924507
700 1 _aFabianowska M.
_924508
942 _cBK
_2udc
955 _a3
999 _c458851
_d458851